[Event "URS Cup rapid"]
[Site "Tallinn"]
[Date "1988.??.??"]
[Round "6"]
[White "Kanstler, Boris"]
[Black "Kveinys, Aloyzas"]
[Result "1/2-1/2"]
[WhiteElo "2430"]
[BlackElo "2345"]

1.Nf3 d5 2.c4 c6 3.b3 Bf5 4.g3 Nf6 5.Bg2 g6 6.O-O Bg7 7.Bb2 O-O 8.d3 Nbd7
9.Nd4 Ne8 10.e4 dxe4 11.dxe4 Be6 12.Nxe6 fxe6 13.Bxg7 Nxg7 14.Nc3 e5 15.f4 exf4
16.gxf4 e5 17.f5 Nc5 18.Qc2 Qd3 19.Qxd3 Nxd3 20.Rad1 Nf4 21.Rd7 Rf7 22.Rfd1 Raf8
23.Rxf7 Rxf7 24.Rd8+ Rf8 25.Rd7 Rf7 26.Rd8+  1/2-1/2

[Event "Tampere Elo op"]
[Site "Tampere"]
[Date "1988.??.??"]
[Round "5"]
[White "Votruba, Pavel"]
[Black "Karner, Hillar"]
[Result "1/2-1/2"]
[WhiteElo "2345"]
[BlackElo "2390"]

1.Nf3 d5 2.c4 d4 3.d3 Nc6 4.e3 e5 5.exd4 Nxd4 6.Nxd4 Qxd4 7.Nc3 Ne7 8.Be3 Qd8
9.Be2 Nf5 10.O-O c6 11.Bg4 Be7 12.Bxf5 Bxf5 13.d4 exd4 14.Qxd4 Qxd4 15.Bxd4 f6
16.Rfe1 Kf7 17.Ne4 Rhd8 18.Bc3 Rd7 19.f3 Rad8 20.Kf1 h5 21.Rac1 g5 22.b3 g4
23.Kf2 Rd3 24.Re3 Rxe3 25.Kxe3 Re8 26.Rd1 Kg6 27.Kf2 Bxe4 28.fxe4 Bc5+ 29.Bd4 Rd8
30.Ke3 f5 31.exf5+ Kg5 32.f6 Re8+ 33.Kf2 Bxd4+ 34.Rxd4 Re6 35.Rd7 Rxf6+ 36.Ke2 Re6+
37.Kf2 Rf6+ 38.Ke2 Re6+ 39.Kd2 Rf6 40.Ke2 Re6+ 41.Kf2 Rf6+  1/2-1/2

[Event "Tbilisi"]
[Site "Tbilisi"]
[Date "1988.??.??"]
[Round "?"]
[White "Tal, Mihail"]
[Black "Ubilava, Elizbar"]
[Result "1/2-1/2"]
[WhiteElo "2610"]
[BlackElo "2500"]

1.Nf3 d5 2.c4 e6 3.d4 Nf6 4.Nc3 Be7 5.Bg5 Nbd7 6.e3 O-O 7.Qc2 c5 8.cxd5 Nxd5
9.Bxe7 Qxe7 10.Nxd5 exd5 11.Bd3 g6 12.dxc5 Nxc5 13.O-O Bg4 14.Nd4 Rac8 15.Rac1 a6
16.Qd2 Rc7 17.Rc2  1/2-1/2

[Event "Tbilisi"]
[Site "Tbilisi"]
[Date "1988.??.??"]
[Round "?"]
[White "Tal, Mihail"]
[Black "Prandstetter, Eduard"]
[Result "1/2-1/2"]
[WhiteElo "2610"]
[BlackElo "2415"]

1.Nf3 d5 2.c4 e6 3.b3 Nf6 4.g3 Be7 5.Bg2 O-O 6.O-O c6 7.Bb2 Nbd7 8.e3 b6
9.Nc3 Bb7 10.Qe2 Ne4 11.Nxe4 dxe4 12.Nd4 c5 13.Nb5 Bf6 14.Nc3 Qc7 15.f3 exf3
16.Bxf3 Bxf3 17.Rxf3 Rad8 18.Rd1 Bxc3 19.Bxc3 Ne5 20.Bxe5 Qxe5 21.Rf2  1/2-1/2

[Event "Thessaloniki ol (Women)"]
[Site "Thessaloniki"]
[Date "1988.??.??"]
[Round "?"]
[White "Voiska, Margarita"]
[Black "Garcia, Nieves"]
[Result "1/2-1/2"]
[WhiteElo "2315"]
[BlackElo "2230"]

1.Nf3 d5 2.c4 e6 3.g3 Nf6 4.Bg2 Be7 5.O-O O-O 6.b3 c5 7.e3 b6 8.Bb2 Bb7 9.Qe2 Nbd7
10.d3 Rc8 11.Nc3 Qc7 12.Rac1 Qb8 13.Rfd1 Rfd8 14.Rd2 Qa8 15.Nb1 h6 16.Rdc2 a6
17.Nbd2 b5 18.a3 Qa7 19.h3 Bc6 20.cxd5 Bxd5 21.e4 Bb7 22.Nf1 Nb8 23.Kh2 Nc6
24.Qe3 Nd4 25.Nxd4 cxd4 26.Qe1 Rxc2 27.Rxc2 Rc8 28.Rxc8+ Bxc8 29.Qc1 Qc5
30.Qxc5 Bxc5 31.b4 Bb6 32.e5 Nd7 33.f4 f6 34.exf6 gxf6 35.Nd2 e5 36.Bd5+ Kf8
37.Nf3 Ke7 38.Bc1 h5 39.Be4 Kf7 40.Bf5 Bc7  1/2-1/2

[Event "Thessaloniki ol (Women)"]
[Site "Thessaloniki"]
[Date "1988.??.??"]
[Round "?"]
[White "Maric, Alisa"]
[Black "Lematschko, Tatjana"]
[Result "1/2-1/2"]
[WhiteElo "2345"]
[BlackElo "2370"]

1.Nf3 d5 2.c4 e6 3.g3 Nf6 4.Bg2 Be7 5.O-O O-O 6.b3 c5 7.e3 Nc6 8.Bb2 b6 9.Qe2 Bb7
10.d3 Qc7 11.Nc3 a6 12.Rfd1 Rfd8 13.cxd5 Nxd5 14.Nxd5 Rxd5 15.d4 Rd7 16.dxc5 Bxc5
17.Rxd7 Qxd7 18.Ng5 Rd8 19.Ne4 e5 20.Nxc5 bxc5 21.Rc1 h6 22.Ba3 Nb4 23.Bxb7 Qxb7
24.Rxc5 Nxa2 25.Qc2 Nb4 26.Bxb4 Qxb4 27.Rxe5 g6 28.Kg2 Rb8 29.Qc4 Qxc4 30.bxc4 Rc8
31.Ra5 Rxc4 32.Rxa6 Kg7 33.Rd6 Rc2 34.g4 g5 35.Kg3 Rc1 36.h3 Rg1+ 37.Kh2 Re1
38.Kg2 Ra1 39.Rd5 Kg6 40.h4 Ra4  1/2-1/2

[Event "Thessaloniki ol (Men)"]
[Site "Thessaloniki"]
[Date "1988.??.??"]
[Round "1"]
[White "Shadarevian, Michael"]
[Black "Beliavsky, Alexander G"]
[Result "0-1"]
[WhiteElo "2330"]
[BlackElo "2665"]

1.Nf3 d5 2.c4 e6 3.b3 Nf6 4.g3 a5 5.Bg2 a4 6.bxa4 Nbd7 7.Qc2 Nb6 8.c5 Nxa4
9.d4 b6 10.cxb6 c5 11.O-O Qxb6 12.Ba3 cxd4 13.Bxf8 Kxf8 14.Nbd2 Nc3 15.Nb3 Qa6
16.Rfe1 Nxe2+  0-1

[Event "Thessaloniki ol (Men)"]
[Site "Thessaloniki"]
[Date "1988.??.??"]
[Round "10"]
[White "Xu Jun"]
[Black "Nogueiras, Jesus"]
[Result "1/2-1/2"]
[WhiteElo "2505"]
[BlackElo "2550"]

1.Nf3 d5 2.c4 c6 3.e3 Nf6 4.Nc3 e6 5.Be2 Nbd7 6.d4 Bd6 7.O-O O-O 8.b3 dxc4
9.Bxc4 e5 10.h3 Qe7 11.Qc2 Kh8 12.Bb2 h6 13.Bd3 Re8 14.Bf5 exd4 15.Nxd4 c5
16.Nde2 Nb6 17.Nb5 Be5 18.Bxe5 Qxe5 19.Bxc8 Rexc8 20.Qc3 Qe7 21.Rad1 Nbd5
22.Qc4 a6 23.Nbc3 Nxc3 24.Nxc3 b5 25.Qf4 Rd8 26.Rfe1 Rxd1 27.Rxd1 Rd8 28.Rxd8+ Qxd8
29.Qe5 Qd2 30.Qxc5 Qe1+ 31.Kh2 Qxf2 32.a4 bxa4 33.bxa4 Kh7 34.a5 h5 35.Qe5 Qh4
36.Kg1 Qe1+ 37.Kh2 Qh4 38.Kg1 Qc4 39.Qd4 Qc7 40.Nd5 Nxd5  1/2-1/2

[Event "Thessaloniki ol (Men)"]
[Site "Thessaloniki"]
[Date "1988.??.??"]
[Round "11"]
[White "Johansen, Darryl K"]
[Black "Lima, Darcy"]
[Result "1/2-1/2"]
[WhiteElo "2415"]
[BlackElo "2345"]

1.Nf3 d5 2.c4 e6 3.g3 Nf6 4.b3 Be7 5.Bg2 O-O 6.O-O b6 7.cxd5 exd5 8.Nc3 c5
9.d4 Bb7 10.Ne5 Na6 11.Bb2 Nc7 12.Rc1 Ne6 13.dxc5 bxc5 14.Nd3 Rc8 15.e3 Ba6
16.Re1 d4 17.exd4 cxd4 18.Ne2 Rxc1 19.Bxc1 Nd5 20.Bb2 Nc3 21.Qd2 Bg5 22.f4 Bf6
23.Nec1  1/2-1/2

[Event "Thessaloniki ol (Men)"]
[Site "Thessaloniki"]
[Date "1988.??.??"]
[Round "11"]
[White "Morrison, Graham"]
[Black "Karkanaque, Ilir"]
[Result "1/2-1/2"]
[WhiteElo "2325"]
[BlackElo "2375"]

1.Nf3 d5 2.c4 dxc4 3.e3 Nf6 4.Bxc4 e6 5.O-O c5 6.d4 a6 7.Qe2 b5 8.Bb3 Bb7
9.Rd1 Qb6 10.Nc3 Nbd7 11.d5 exd5 12.Nxd5 Nxd5 13.Bxd5 Bxd5 14.Rxd5 Qe6 15.e4 Be7
16.Be3 O-O 17.Rad1 Rad8 18.Ng5 Qc6 19.e5 Nb6 20.Rxd8 Rxd8 21.Rxd8+ Bxd8 22.Qh5 Bxg5
23.Qxg5 Qd5 24.h3 Nc4 25.Qe7 h6 26.Qxc5 Qxc5 27.Bxc5 Nxb2 28.Kf1 Nc4 29.f4 g5
30.fxg5 hxg5 31.Bd4 Kf8 32.Ke2 Ke7 33.Kf3 Ke6 34.Kg4 Nxe5+ 35.Kxg5 f6+ 36.Kf4 b4
37.h4 a5 38.h5 a4 39.h6 Ng6+ 40.Kg4 b3 41.axb3 axb3 42.Bb2 Nf8 43.g3 Nh7
44.Kf4  1/2-1/2

[Event "CSR-ch"]
[Site "Trinec"]
[Date "1988.??.??"]
[Round "5"]
[White "Jurek, Josef"]
[Black "Dobrovolsky, Ladislav"]
[Result "1/2-1/2"]
[WhiteElo "2390"]
[BlackElo "2405"]

1.Nf3 d5 2.c4 c6 3.b3 Nf6 4.g3 Bf5 5.Bb2 Nbd7 6.Bg2 h6 7.d3 e6 8.O-O Be7
9.Nbd2 O-O 10.a3 a5 11.Rc1 Bh7 12.Rc2 Qb6 13.Qa1 Rfd8 14.Bh3 Ne8 15.cxd5 exd5
16.Rfc1 Bf6 17.Nd4 Ne5 18.Nf5 Bxf5 19.Bxf5 Nd7 20.e4 Bxb2 21.Qxb2 dxe4 22.dxe4 Nd6
23.Bh3 Nf8 24.Nc4 Nxc4 25.bxc4 Qd4 26.Qxb7 c5 27.Qb2 Rab8 28.Qxd4 Rxd4 29.e5 Ne6
30.f4 Rd3 31.Bxe6 fxe6 32.Rc3 Rd2 33.R3c2 Rd3 34.Rc3 Rd2 35.R3c2 Rd3  1/2-1/2

[Event "Tirnavia-C"]
[Site "Trnava"]
[Date "1988.??.??"]
[Round "7"]
[White "Tichy, Vladimir"]
[Black "Raicevic, Momcilo"]
[Result "1-0"]
[WhiteElo "2370"]
[BlackElo "2365"]

1.Nf3 d5 2.c4 c6 3.b3 Nf6 4.Bb2 g6 5.g3 Bg7 6.Bg2 O-O 7.O-O a5 8.cxd5 cxd5
9.d4 Ne4 10.Nbd2 f5 11.Ne5 Nd7 12.Nd3 a4 13.bxa4 Nb6 14.e3 Nxa4 15.Nf3 Nxb2
16.Nxb2 Qd6 17.Nd3 Bd7 18.Nfe5 Bb5 19.Qb3 Bxd3 20.Nxd3 Ra3 21.Qb5 Nc3 22.Qb2 Rfa8
23.Nb4 R8a4 24.Nc2 Ne2+ 25.Kh1 Rd3 26.Qb5 Qa6 27.Qe8+ Bf8 28.Bxd5+ e6 29.Bxe6+  1-0

[Event "Tirnavia-C"]
[Site "Trnava"]
[Date "1988.??.??"]
[Round "8"]
[White "Moehring, Guenther"]
[Black "Pacl, Vaclav"]
[Result "1-0"]
[WhiteElo "2395"]
[BlackElo "2305"]

1.Nf3 d5 2.c4 c6 3.d4 Nf6 4.e3 Bf5 5.cxd5 cxd5 6.Nc3 Nc6 7.Qb3 Na5 8.Qa4+ Bd7
9.Bb5 Nc6 10.Ne5 Qc8 11.Bd2 a6 12.Nxd7 Qxd7 13.Rc1 Rc8 14.Bxc6 Rxc6 15.O-O e6
16.Qa5 Bd6 17.Na4 Rxc1 18.Rxc1 O-O 19.Nb6 Qd8 20.Nc8 Bb8 21.Qb4 Re8 22.Qxb7 Bxh2+
23.Kxh2 Ng4+ 24.Kg3 Qg5 25.f3 Ne5+ 26.Kh2 Nc4 27.Rxc4 dxc4 28.Nd6 Rf8 29.Qe4 h6
30.Bc3 Qd5 31.Qxd5 exd5 32.e4 Rd8 33.Nf5  1-0

[Event "Tirnavia-C"]
[Site "Trnava"]
[Date "1988.??.??"]
[Round "10"]
[White "Moehring, Guenther"]
[Black "Veselsky, Jozef"]
[Result "1-0"]
[WhiteElo "2395"]
[BlackElo "2200"]

1.Nf3 d5 2.c4 d4 3.e3 c5 4.exd4 cxd4 5.g3 Nc6 6.Bg2 g6 7.O-O Bg7 8.d3 Nf6
9.Na3 O-O 10.Rb1 a5 11.b3 Nd7 12.Nc2 Nc5 13.Ba3 Na6 14.Qd2 Re8 15.Ng5 h6
16.Ne4 f5 17.Nc5 Qc7 18.Nxa6 Rxa6 19.f4 Kh7 20.Rbe1 e5 21.fxe5 Rxe5 22.Rxe5 Bxe5
23.Bc1 Bg7 24.a3 Qd8 25.Re1 Qd6 26.Qe2 Bd7 27.Bf4 Qf8 28.Kf1 Bf6 29.Qf3 Rb6
30.Qd5 Qg7 31.c5 Ra6 32.Bd6 Ra8 33.Be7 Be8 34.Bxf6 Qxf6 35.Qd6 Qxd6 36.cxd6 Rd8
37.b4 axb4 38.axb4 Kg8 39.b5 Na7 40.b6 Nb5 41.Bxb7 Nxd6 42.Bd5+ Bf7 43.Bxf7+ Kxf7
44.Nxd4 Rb8 45.Rb1 Ke8 46.Nc6 Rb7 47.Na5 Rb8 48.h4 Kd7 49.Kf2 g5 50.Kf3 Nb7
51.Nc4 Nd6 52.Ne5+ Ke6 53.Nc6 Rc8 54.Re1+ Kd7 55.Ne5+ Kd8 56.Rb1 Nb7 57.hxg5 hxg5
58.Nf7+ Ke7 59.Nxg5 Kf6 60.Nh3 Rb8 61.Nf4 Nd6 62.Re1 Kf7 63.Nd5 Nc8 64.Re5 Nxb6
65.Nxb6 Rxb6 66.Rxf5+ Kg6 67.Rf4 Rb1 68.Ke4 Rg1 69.Rf3 Kg5 70.d4 Re1+ 71.Re3 Ra1
72.Ke5 Ra8 73.d5  1-0

[Event "Uzhgorod"]
[Site "Uzhgorod"]
[Date "1988.??.??"]
[Round "?"]
[White "Andonov, Bogomil"]
[Black "Hansen, Curt"]
[Result "0-1"]
[WhiteElo "2415"]
[BlackElo "2520"]

1.Nf3 d5 2.c4 d4 3.g3 g6 4.d3 Bg7 5.Bg2 e5 6.O-O Ne7 7.Nbd2 O-O 8.b4 c6 9.Nb3 h6
10.a4 f5 11.b5 a6 12.Ba3 Re8 13.Qc2 Qc7 14.e3 dxe3 15.fxe3 Nd7 16.bxc6 Nxc6
17.Nh4 Kh7 18.e4 f4 19.gxf4 exf4 20.e5 Ncxe5 21.Rxf4 Nf6 22.Raf1 Nfg4 23.Bc5 Qd8
24.Nxg6 Nxg6 25.Be4 Qg5 26.h4 Qh5 27.d4 Ne3 28.Qb1 Rxe4 29.Qxe4 Nxf1 30.Kxf1 Bh3+
31.Kf2 Re8 32.Qxe8 Nxf4 33.Qe4+ Ng6 34.Na5 Bf5 35.Qh1 Bd3 36.d5 Qe2+ 37.Kg1  0-1

[Event "Vilnius"]
[Site "Vilnius"]
[Date "1988.??.??"]
[Round "?"]
[White "Gelfand, Boris"]
[Black "Janjgava, Lasha"]
[Result "1-0"]
[WhiteElo "2505"]
[BlackElo "2425"]

1.Nf3 d5 2.c4 e6 3.g3 Nf6 4.Bg2 dxc4 5.Qa4+ Qd7 6.Qxc4 Qc6 7.b3 Qxc4 8.bxc4 Nc6
9.Nc3 a6 10.O-O Na5 11.d3 Rb8 12.Rb1 Bd6 13.Bd2 Bd7 14.Ne4 Nxe4 15.Bxa5 Nf6
16.d4 c5 17.dxc5 Bxc5 18.Ne5 b6 19.Nd3 Ke7 20.Bd2 Bd6 21.Be3 Rhc8 22.Rfc1 Bc6
23.Bxb6 Bxg2 24.Kxg2 Nd7 25.c5 Bc7 26.Ba7 Rb5 27.a4 Rxb1 28.Rxb1 Ba5 29.Rb7 f6
30.Bb6 Bxb6 31.cxb6 a5 32.Ra7 Kd6 33.Rxa5 Rb8 34.Rh5 Rxb6 35.Rxh7 g5 36.h4 gxh4
37.Rxh4 e5 38.a5 Ra6 39.Ra4 Nb6 40.Nb4 Ra8 41.Ra2 Nc4 42.a6 Kc5 43.Nd3+ Kb6
44.g4 Ka7 45.Rc2  1-0

[Event "Nordic-tt"]
[Site "Aabybro"]
[Date "1989.??.??"]
[Round "?"]
[White "Dahl, Ingrid"]
[Black "Trabert, Bettina"]
[Result "0-1"]
[WhiteElo "2085"]
[BlackElo "2200"]

1.Nf3 d5 2.c4 c6 3.b3 Nf6 4.Bb2 Bf5 5.g3 e6 6.Bg2 h6 7.O-O Bd6 8.d3 O-O 9.Nbd2 Bh7
10.Re1 Nbd7 11.a3 a5 12.Qc2 Qe7 13.e4 dxe4 14.dxe4 Bc5 15.Qc3 e5 16.Re2 Rfe8
17.Qc1 Qd8 18.Ne1 Qb6 19.Nd3 Bd4 20.Bxd4 Qxd4 21.Ne1 Nc5 22.Nc2 Qd3 23.Re3 Qd6
24.Re2 Red8 25.Qb2 Nd3 26.Qc3 Nc5 27.Rb1 Qd3 28.Qxd3 Rxd3 29.f3 Rad8 30.Nf1 Rxb3
31.Rxb3 Nxb3 32.Re1 Kf8 33.Nce3 Nc5 34.Rd1 Rxd1 35.Nxd1 Ke7 36.Nfe3 Nfd7
37.Kf2 Nb6 38.Bf1 Kd6 39.Nb2 Nba4 40.Nbd1 Ne6 41.Nc2 f6 42.Ke3 Nec5 43.Kd2 Nb3+
44.Ke3 Bg8 45.Kd3 Kc5 46.Nce3 Be6 47.f4 Nd4 48.fxe5 fxe5 49.h4 b5 50.cxb5 Nxb5
51.Kd2 Nxa3 52.Nf5 Bxf5 53.exf5 Kd4 54.g4 Nc5 55.Bg2 Ne4+ 56.Bxe4 Nc4+ 57.Kc2 Kxe4
58.Kb3 Nb6 59.Ne3 Kxe3 60.g5 Nd7 61.f6 Nxf6  0-1

[Event "Aarhus-D"]
[Site "Aarhus"]
[Date "1989.??.??"]
[Round "1"]
[White "Knudsen, Ole Scott"]
[Black "Kroll, Ove"]
[Result "1-0"]
[WhiteElo "2230"]
[BlackElo "2335"]

1.Nf3 d5 2.c4 c6 3.b3 Bg4 4.e3 e6 5.Bb2 Nf6 6.Be2 Nbd7 7.O-O Bd6 8.d4 Ne4
9.Nc3 f5 10.Nd2 Qh4 11.f4 Ndf6 12.Ndxe4 fxe4 13.a4 Bxe2 14.Qxe2 Ng4 15.h3 h5
16.Qe1 Qxe1 17.Rfxe1 Nh6 18.Ba3 Bc7 19.g3 Kd7 20.Kf2 Rag8 21.h4 Nf5 22.Rac1 Rh6
23.Ne2 Rg6 24.Rg1 Nh6 25.Nc3 Ba5 26.b4 Bd8 27.Rh1 Nf5 28.Ne2 Nd6 29.c5 Nf5
30.Rb1 Bc7 31.Bc1 b6 32.Bd2 Rb8 33.Rhc1 Rf6 34.b5 bxc5 35.dxc5 Rff8 36.Bc3 Rb7
37.Nd4 Nxd4 38.Bxd4 e5 39.Bc3 d4 40.exd4 exf4 41.d5 cxd5 42.c6+ Kd6 43.cxb7 Bb6+
44.Kf1 f3 45.a5 Be3 46.Bxg7 Rb8 47.a6  1-0

[Event "Alma-Ata"]
[Site "Alma-Ata"]
[Date "1989.??.??"]
[Round "2"]
[White "Asanov, Bolat"]
[Black "Conquest, Stuart"]
[Result "1/2-1/2"]
[WhiteElo "2200"]
[BlackElo "2490"]

1.Nf3 d5 2.c4 e6 3.g3 Nf6 4.Bg2 dxc4 5.Ne5 Bc5 6.Qa4+ c6 7.Qxc4 Qd6 8.Nd3 Bb6
9.b3 e5 10.Ba3 Qc7 11.Nc3 Be6 12.Qb4 Na6 13.Qd6 Rd8 14.Qxc7 Bxc7 15.Rc1 Bf5
16.Nb2 h5 17.h3 Nd5 18.Nc4 h4 19.g4 Be6 20.Ne4 Nf4 21.Bf3 Bd5 22.Rc3 Rh6
23.e3 Bxe4 24.Bxe4 Nd5 25.Bxd5 Rxd5 26.e4 Rd4 27.Ne3 Ba5 28.Rc2 Nb4 29.Bxb4 Bxb4
30.f3 Re6 31.Ke2 g6 32.Rd1 b5 33.d3 Kd7 34.g5 Be7 35.Rg1 a5 36.Rcc1 a4 37.Nc2 Rdd6
38.bxa4 bxa4 39.Rb1 Kc8 40.Ne3 Rd7 41.Nc4 Rb7 42.Nb6+ Kc7 43.Nxa4 Rxb1 44.Rxb1 Bxg5
45.Nb2 Re8 46.Nc4 Ra8  1/2-1/2

[Event "Alma-Ata"]
[Site "Alma-Ata"]
[Date "1989.??.??"]
[Round "8"]
[White "Asanov, Bolat"]
[Black "Ilincic, Zlatko"]
[Result "1-0"]
[WhiteElo "2200"]
[BlackElo "2430"]

1.Nf3 d5 2.c4 c6 3.d4 Nf6 4.Qc2 dxc4 5.Qxc4 e6 6.g3 Be7 7.Bg2 O-O 8.O-O b5
9.Qc2 Bb7 10.Rd1 Nbd7 11.Nc3 a6 12.Bg5 h6 13.Bxf6 Nxf6 14.Ne5 Rc8 15.a4 b4
16.Ne4 Nxe4 17.Qxe4 Ba8 18.Qd3 c5 19.Bxa8 Rxa8 20.dxc5 Qxd3 21.Nxd3 a5 22.Rac1 Rac8
23.Kf1 Rc7 24.Rc4 Rfc8 25.Rdc1 f6 26.c6 Kf7 27.e4 e5 28.Ke2 Ke6 29.h4 Kd6
30.Nc5 Rxc6 31.Nb7+ Kd7 32.Rxc6 Rxc6 33.Rxc6 Kxc6 34.Nxa5+ Kc5 35.Kd3  1-0

[Event "ARG-ch"]
[Site "?"]
[Date "1989.??.??"]
[Round "13"]
[White "Giardelli, Sergio C"]
[Black "Campora, Daniel H"]
[Result "1/2-1/2"]
[WhiteElo "2430"]
[BlackElo "2500"]

1.Nf3 d5 2.c4 c6 3.d4 Nf6 4.Nc3 g6 5.cxd5 cxd5 6.Bf4 Nc6 7.e3 Bg7 8.h3 O-O
9.Be2 Ne4 10.Rc1 Nxc3 11.Rxc3 f6 12.Qb3 Kh8 13.O-O e5 14.Bh2 Rf7 15.dxe5 fxe5
16.e4 Be6 17.Rc5 dxe4 18.Qxe6 exf3 19.Bxf3 Re7 20.Qc4 Nd4 21.Be4 Qe8 22.Rc1 Rd8
23.Bg3 b6 24.Rd5 Red7 25.Rxd7 Qxd7 26.Bh4 Rf8 27.b3  1/2-1/2

[Event "ARG-ch"]
[Site "?"]
[Date "1989.??.??"]
[Round "15"]
[White "Panno, Oscar"]
[Black "Paglilla, Carlos"]
[Result "1-0"]
[WhiteElo "2495"]
[BlackElo "2395"]

1.Nf3 d5 2.c4 dxc4 3.e3 Nf6 4.Bxc4 e6 5.O-O Be7 6.a3 c5 7.b3 O-O 8.Bb2 a6
9.Be2 Nc6 10.Qc2 Bd7 11.d3 Rc8 12.Nbd2 b6 13.Rac1 Nd5 14.Nc4 Bf6 15.g3 Bxb2
16.Qxb2 Rb8 17.Rfd1 Qe7 18.Nce5 Nxe5 19.Nxe5 Bb5 20.Bf3 Rfd8 21.d4 cxd4 22.Rxd4 Qf6
23.Rdd1 Ne7 24.Kg2 Ng6 25.Nc4 Bxc4 26.Qxf6 gxf6 27.Rxc4 Rxd1 28.Bxd1 Rd8
29.Be2 Ne5 30.Rb4 b5 31.a4 bxa4 32.Rxa4 Rb8 33.f4 Nc6 34.Rxa6 Nb4 35.Ra5 Nc2
36.Rb5 Rc8 37.Kf2 Rc3 38.Rb7 Nxe3 39.Bh5 e5 40.Bxf7+ Kf8 41.Be6 exf4 42.gxf4 f5
43.Rxh7 Ng4+ 44.Kg1 Rc1+ 45.Kg2 Rc6 46.Rf7+ Kg8 47.Rxf5+ Rxe6 48.Rg5+ Kf7
49.Rxg4 Re2+ 50.Kh3 Rf2 51.Rg3 Kf6 52.Kg4 Rxh2 53.Rc3  1-0

[Event "Augsburg"]
[Site "Augsburg"]
[Date "1989.??.??"]
[Round "7"]
[White "Benko, Pal C"]
[Black "Klebel, Martin"]
[Result "1-0"]
[WhiteElo "2405"]
[BlackElo "2360"]

1.Nf3 d5 2.c4 c6 3.e3 Nf6 4.Nc3 e6 5.b3 Nbd7 6.Bb2 Bd6 7.Qc2 O-O 8.Be2 Re8
9.O-O Qe7 10.Rfe1 e5 11.cxd5 Nxd5 12.d3 N7f6 13.a3 Bg4 14.h3 Bh5 15.Nd2 Bg6
16.b4 Rad8 17.Qb3 Nxc3 18.Qxc3 Nd5 19.Qb3 a6 20.Rad1 Kh8 21.Bf1 Bb8 22.g3 f6
23.Ne4 Ba7 24.Rc1 Nc7 25.a4 Ne6 26.b5 f5 27.Ba3 c5 28.Nd2 f4 29.exf4 exf4
30.g4 f3 31.b6 Bb8 32.Nxf3 Qf6 33.Re3 Bf4 34.Bb2 Nd4 35.Rxe8+ Rxe8 36.Bxd4 cxd4
37.Re1 Rd8 38.Bg2 Bb8 39.a5 h5 40.Re6 Qf7 41.Ng5 Qf4 42.Rxg6 Qc1+ 43.Bf1 Qf4
44.Nf3 Qxf3 45.gxh5 Qf4 46.Rg2 Re8 47.Qd1 Rc8 48.Qg4 Qxg4 49.Rxg4 Be5 50.Re4 Rc5
51.f4 Bf6 52.Re8+ Kh7 53.Bg2 Rc1+ 54.Kh2 Rc2 55.Rb8 Bh4 56.Rxb7 Be1 57.Rc7 Rb2
58.b7 Bd2 59.Rf7 Bxa5 60.Rf8  1-0

[Event "AUT-ch"]
[Site "?"]
[Date "1989.??.??"]
[Round "6"]
[White "Baumgartner, Heinz"]
[Black "Dueckstein, Andreas"]
[Result "0-1"]
[WhiteElo "2365"]
[BlackElo "2345"]

1.Nf3 d5 2.c4 e6 3.g3 Nf6 4.Bg2 Be7 5.O-O O-O 6.d4 dxc4 7.Nbd2 c5 8.Nxc4 Nc6
9.dxc5 Bxc5 10.a3 a5 11.Qc2 Qe7 12.Bd2 e5 13.Rac1 e4 14.Nh4 Nd4 15.Qd1 Bg4
16.Re1 Rfd8 17.h3 Be6 18.Nxa5 g5 19.Rxc5 Qxc5 20.Nxb7 Qd5 21.Nxd8 Rxd8 22.Bxg5 Qxg5
23.Kf1 Bc4 24.Qc1 Bxe2+ 25.Kg1 h6 26.Qc7 Ne6 27.Qc3 Bd3 28.b4 Nd5 29.Qb3 Nd4
30.Qb2 Qf6 31.Kh1 Nc2 32.Qxf6 Nxf6 33.Rd1 Nxa3 34.Nf5 Kh7 35.Ra1 Nc2 36.Ra4 Nd4
37.Ne3 Nd5 38.Ra7 Kg7 39.Ng4 Nc6 40.Rb7 Rb8 41.Rd7 Rd8 42.Rb7 h5 43.b5 Na5
44.Ra7 Nc4 45.Nh2 Rb8  0-1

[Event "AUT-chT"]
[Site "?"]
[Date "1989.??.??"]
[Round "?"]
[White "Denk, Adolf"]
[Black "Zoebisch, Herbert"]
[Result "1-0"]
[WhiteElo "2255"]
[BlackElo "2215"]

1.Nf3 d5 2.c4 dxc4 3.e3 Nf6 4.Bxc4 e6 5.d4 c5 6.O-O a6 7.a4 Nc6 8.Qe2 Qc7
9.Nc3 Bd6 10.dxc5 Bxc5 11.e4 Ng4 12.g3 O-O 13.Bf4 e5 14.Nd5 Qd6 15.Bd2 Nf6
16.Nh4 Nd4 17.Qd3 Bh3 18.Rfe1 Rac8 19.Rac1 b5 20.axb5 axb5 21.Ba2 Nxd5 22.Bxd5 Qf6
23.Rxc5 Rxc5 24.f4 exf4 25.Bc3 Rxc3 26.bxc3 fxg3 27.hxg3 Ne6 28.Qf3 Qe5 29.Kh2 h6
30.Rb1 Ng5 31.Qe3 Bd7 32.Ng6 Qf6 33.Nxf8 Kxf8 34.Rb2 Kg8 35.Rf2 Qg6 36.Qf4 Be6
37.Bxe6 Qxe6 38.Qf5 Qxe4 39.c4 Qxc4 40.Rc2 Nf3+ 41.Kh3 g6 42.Rxc4  1-0

[Event "FRG-ch"]
[Site "Bad Neuenahr"]
[Date "1989.??.??"]
[Round "?"]
[White "Keitlinghaus, Ludger"]
[Black "Mainka, Romuald"]
[Result "0-1"]
[WhiteElo "2410"]
[BlackElo "2410"]

1.Nf3 d5 2.c4 d4 3.b4 c5 4.g3 cxb4 5.a3 bxa3 6.Bxa3 Nc6 7.Bg2 e5 8.Bxf8 Kxf8
9.d3 g5 10.Qc1 g4 11.Nh4 Kg7 12.O-O Nge7 13.Qg5+ Ng6 14.Nf5+ Bxf5 15.Qxf5 Qc8
16.Qxc8 Rhxc8 17.Nd2 Nge7 18.Rfb1 Rab8 19.Ne4 Rc7 20.Nc5 a5 21.Rb5 Ra8 22.h3 h5
23.Ra3 Ra7 24.hxg4 hxg4 25.Be4 Kh6 26.Kf1 f5 27.Bg2 Kg6 28.Ra4 Kf6 29.Nb3 Nc8
30.Rc5 Nb6 31.Ra1 a4 32.Nd2 Ra5 33.Rxa5 Nxa5 34.e3 dxe3 35.fxe3 e4 36.Rb1 Nd7
37.dxe4 Nxc4 38.Nxc4 Rxc4 39.Rxb7 Nc5 40.e5+ Kxe5 41.Re7+ Kd6 42.Ra7 Rc3
43.Ke2 a3 44.Kd2 Rd3+ 45.Ke2 Rb3  0-1

[Event "Barnsdale YM"]
[Site "Barnsdale"]
[Date "1989.??.??"]
[Round "?"]
[White "Pein, Malcolm"]
[Black "Flear, Glenn C"]
[Result "0-1"]
[WhiteElo "2405"]
[BlackElo "2500"]

1.Nf3 d5 2.c4 d4 3.b4 g6 4.Bb2 Bg7 5.e3 e5 6.exd4 exd4 7.d3 Nh6 8.g3 O-O
9.Bg2 Re8+ 10.Kf1 c5 11.bxc5 Na6 12.Nbd2 Nxc5 13.Nb3 Nxb3 14.axb3 Nf5 15.Ra2 Bd7
16.Nd2 Ne3+ 17.fxe3 dxe3 18.Ne4 Bxb2 19.Rxb2 Rxe4 20.Qf3 Re6  0-1

[Event "Belgrade (Women)"]
[Site "Belgrade"]
[Date "1989.??.??"]
[Round "3"]
[White "Galliamova, Alisa"]
[Black "Vujic Katanic, Branka"]
[Result "1-0"]
[WhiteElo "2325"]
[BlackElo "2210"]

1.Nf3 d5 2.c4 e6 3.g3 Nf6 4.b3 Be7 5.Bg2 O-O 6.O-O b6 7.Bb2 Bb7 8.e3 c5 9.Nc3 dxc4
10.bxc4 Nc6 11.Qe2 Qc7 12.Ne1 a6 13.f4 Na5 14.g4 Bxg2 15.Nxg2 Qc6 16.f5 Nd7
17.Nf4 Bf6 18.a4 Rae8 19.fxe6 fxe6 20.d3 Nb3 21.Rab1 Nd4 22.Qe1 Be5 23.Ne4 Qc7
24.Nh5 Rxf1+ 25.Qxf1 Rf8 26.Qg2 Nf3+ 27.Kh1 Bxb2 28.Qxb2 Qe5 29.Qxe5 Nfxe5
30.Nf4 Nxg4 31.Nxe6 Rf7 32.a5 Re7 33.Nf4 bxa5 34.Rb7 a4 35.Ra7 Nxe3 36.Rxa6 Ne5
37.Rxa4 Nxd3 38.Ra8+ Kf7 39.Ng5+ Kf6 40.Nxh7+ Kf5 41.Nxd3 g6 42.Rf8+ Ke4
43.Nxc5+ Kd4 44.Nb3+ Kc3 45.Na5 Rxh7 46.Rf3 Kd4 47.c5 g5 48.Nb3+ Ke4 49.Nd2+ Kd4
50.c6 g4 51.Rg3 Re7 52.Nb3+ Ke4 53.Nc5+ Kd5 54.Na6  1-0

[Event "Belgrade op"]
[Site "Belgrade"]
[Date "1989.??.??"]
[Round "5"]
[White "Arsovic, Goran"]
[Black "Raicevic, Vladimir"]
[Result "1/2-1/2"]
[WhiteElo "2270"]
[BlackElo "2450"]

1.Nf3 d5 2.c4 e6 3.d4 Nf6 4.Nc3 Nbd7 5.Bg5 h6 6.Bh4 dxc4 7.e3 a6 8.a4 c5
9.Bxc4 cxd4 10.exd4 Nb6 11.Bb3 Be7 12.O-O O-O 13.Re1 Bd7 14.a5 Nc8 15.Qd3 Nh5
16.Bc2 g6 17.Bxe7 Nxe7 18.d5 Nxd5 19.Nxd5 exd5 20.Qxd5 Bc6 21.Qb3 Nf4 22.Be4 Bxe4
23.Rxe4 Qd3 24.Rb4 Rab8 25.g3 Qxb3 26.Rxb3 Ne6 27.Rc1 Rfd8 28.Rb6 Rd5 29.b4 Kg7
30.Kg2 g5 31.Re1 Nf8 32.Ne5 Nd7 33.Nxd7 Rxd7 34.Rb1 Rc8 35.Rb2  1/2-1/2

[Event "Belgrade op"]
[Site "Belgrade"]
[Date "1989.??.??"]
[Round "6"]
[White "Mijailovic, Zoran"]
[Black "Djurovic, Dejan"]
[Result "1/2-1/2"]
[WhiteElo "2325"]
[BlackElo "2270"]

1.Nf3 d5 2.c4 e6 3.d4 Nf6 4.Nc3 Be7 5.Bg5 O-O 6.e3 Nbd7 7.Qc2 a6 8.cxd5 exd5
9.Bd3 Re8 10.O-O Nf8 11.Rab1 c6 12.Bxf6 Bxf6 13.b4 Be7 14.Bf5 Bd6 15.Na4 Bxf5
16.Qxf5 Qe7 17.a3 a5 18.Nb6 g6 19.Qh3 Rad8 20.bxa5 Bxa3 21.Rb3 Bb4 22.Ra1 Ne6
23.Qh4 f6 24.g3 Nc7 25.Qg4 Na8 26.Nxa8 Rxa8 27.Rab1 Bxa5 28.Rxb7 Bc7 29.Nh4 Kf7
30.Ng2 Reb8 31.Nf4 f5 32.Qd1 Rxb7 33.Rxb7 Rb8 34.Rxb8 Bxb8 35.Nd3 Bd6 36.Qc2 Qb7
37.Kg2 Qb5 38.h3 Qb6 39.Ne1 Qb5 40.Qa2 Qb7 41.Nf3 h6 42.Qa5 Qc7 43.Qa8 Kg7
44.h4 Qd7 45.Nd2 Kh7 46.Nb3 h5 47.Nd2 Be7 48.Nf3 Bf6 49.Qf8 Qe7 50.Qxe7+ Bxe7
51.Ne5 c5 52.dxc5 Bxc5 53.Nd7 Ba7 54.Nf6+ Kg7 55.Nxd5 Kf7 56.Kf3 Bb8 57.Ke2 Bd6
58.Kd3 Be5 59.Kc4 Bb8 60.Nf4 Ba7 61.Kd5 Bb6 62.Nd3 Bc7 63.e4 fxe4 64.Kxe4 Kf6
65.Nf4 Bb8 66.f3 Bd6 67.g4 hxg4 68.fxg4 Bxf4 69.Kxf4 g5+  1/2-1/2

[Event "Belgrade op"]
[Site "Belgrade"]
[Date "1989.??.??"]
[Round "9"]
[White "Vukanovic, Sasa"]
[Black "Zdravkovic, Dragan"]
[Result "1/2-1/2"]
[WhiteElo "2280"]
[BlackElo "2285"]

1.Nf3 d5 2.c4 e6 3.g3 c5 4.cxd5 exd5 5.d4 Nc6 6.Bg2 Nf6 7.O-O Be7 8.Nc3 O-O
9.dxc5 d4 10.Na4 Bf5  1/2-1/2

[Event "Bern"]
[Site "Bern"]
[Date "1989.??.??"]
[Round "?"]
[White "Landenbergue, Claude"]
[Black "Herzog, Juerg"]
[Result "1-0"]
[WhiteElo "2350"]
[BlackElo "2200"]

1.Nf3 d5 2.c4 e6 3.g3 c5 4.Bg2 Nc6 5.O-O Nf6 6.b3 Be7 7.e3 O-O 8.Bb2 dxc4
9.bxc4 Qd3 10.Qb3 Qf5 11.d3 Rd8 12.Rd1 Ng4 13.h3 Nge5 14.Nxe5 Nxe5 15.g4 Nxg4
16.hxg4 Qxg4 17.Rd2 g5 18.Nc3 f5 19.Ne2 Kf7 20.Qc3 Rg8 21.Qe5 Ke8 22.Qg3 Qh5
23.d4 Qf7 24.dxc5 Bxc5 25.Rad1 Be7 26.Qc7  1-0